000 00672nam a2200217 i 4500
001 81200
003 ES-MaACL
005 20260210161950.0
007 t|
008 041103s1953 sp ||||1| spa d
100 1 _aHomedes Ranquini, Juan.
_964110
245 1 0 _aVeterinaria práctica /
_cJuan Homedes Ranquini.
250 _a[1ª ed.].
260 _aBarcelona :
_bSalvat,
_c1953 (
_fImp. Hispano-Americana)
300 _aXX, 404 p., 1 lám. ;
_c22 cm.
490 1 _aColección agrícola Salvat
650 7 _aVeterinaria
_2embne
_9138773
830 0 _aColección agrícola Salvat
_9181203
852 _aES-MaACL
_jC-6193
_bR.35503
999 _c81200
_d81200